000 00341nam a2200145Ia 4500
008 191201s2010 xx 000 0 und d
082 _a004.6
_bFOD
100 _aFOROUZAN, Behrouz A
245 0 _aData Communications and Networking
250 _aRep.
260 _aN.Delhi
_bTMH
_c2010
300 _a1134
650 _aMCA
942 _2ddc
_cBK
999 _c3706
_d3706